REBUS Joueur de foot - Statistiques

Statistiques générales
  • Ce quiz a été pris 495 fois
  • Le résultat moyen est 5 sur 8
Statistiques - réponses
Par images Réponse % Correct
Hakimi
72%
Maradona
69%
Dembele
65%
Salah
64%
Cavani
61%
Carvajal
56%
Robertson
52%
Depay
50%
Aucun quiz correspondant
Distribution des résultats
% des personnes avec chaque résultat
Percentile par nombre de réponses
Votre historique - résultats
Vous n’avez pas pris ce quiz